Chansons de Hamza - Statistiques

Statistiques générales
  • Ce quiz a été pris 338 fois
  • Le résultat moyen est 20 sur 138
Statistiques - réponses
Album Chanson % Correct
1994 Life
72%
1994 1994
64%
H-24 Mi Amor
56%
Paradise Paradise
55%
Sincèrement Sincèrement
55%
Sincèrement Codéine 19
53%
Santa Sauce 2 God Bless
50%
1994 Vibes
50%
Sincèrement Introduction
49%
Sincèrement Murder
46%
Sincèrement Nocif
46%
Sincèrement Free YSL
40%
Paradise Minuit 13
40%
Sincèrement Au Bout De La Nuit
38%
Paradise HS
38%
Sincèrement Ma Réalité
38%
1994 Juste une minute
36%
H-24 La sauce
36%
Santa Sauce 2 Gasolina
34%
Sincèrement Sadio
33%
Paradise Dale x Love Therapy
28%
Sincèrement Only U
28%
Zombie Life Slow
28%
H-24 Love
27%
Sincèrement Cocoro
26%
Paradise Henny me noie
26%
Sincèrement Tsunami
26%
1994 Godzilla
25%
Santa Sauce 2 Oseille
25%
Zombie Life Zombie Life
25%
Paradise Addiction
23%
1994 Jodeci Mob
23%
Sincèrement Nasa
22%
Sincèrement I Love U
21%
Zombie Life Tu me donne des idées
21%
Paradise Validé
21%
1994 Mucho Love
20%
Sincèrement WWE
19%
Paradise 50X
18%
Santa Sauce 2 Late Nights
18%
H-24 Bibi Boy Swag
17%
1994 Monopoly
15%
140 BPM 2 Spaghetti
15%
Paradise Le même sort
14%
140 BPM 2 Réel
14%
Sincèrement Atasanté Part.2
13%
Paradise Gyneco
13%
Paradise Mac & Cheese
13%
Paradise Meilleur
13%
Paradise Sometimes
13%
Paradise Clic Clac
12%
Zombie Life Cuba
12%
1994 My Gyal
12%
Sincèrement Plus Jamais La Même
12%
Santa Sauce 2 Bac +12
11%
140 BPM 2 Keke
11%
1994 Pasadena
11%
1994 Pas de remords
11%
1994 Silicone
11%
Santa Sauce Broccoli
10%
Paradise Céline
10%
Paradise Galerie
10%
Paradise Audemars Shit
9%
Paradise Deep Inside
9%
H-24 Minimum
9%
H-24 Mula
9%
H-24 Nuages
9%
140 BPM 2 PTSD
9%
Paradise Snakes
9%
140 BPM 2 Hara-Kiri
8%
Paradise Madonna
8%
Santa Sauce 2 Benzo
7%
Paradise Blue Crystal
7%
1994 Cash Time
7%
H-24 Danse pour moi
7%
H-24 JOB
7%
Zombie Life Rari
7%
Santa Sauce Vvs
7%
Paradise Aquafina
6%
Santa Sauce Habibi
6%
140 BPM 2 Jalousie
6%
Zombie Life Mercedes
6%
Santa Sauce 2 Por la Vida
6%
H-24 Respect
6%
H-24 Gang
5%
Paradise Goat
5%
Santa Sauce 2 G's Up Hoes Down
5%
Zombie Life La clef
5%
Zombie Life Nuit de folie
5%
Santa Sauce Shine
5%
Paradise Stick
5%
Santa Sauce Suave
5%
H-24 45
4%
H-24 Design
4%
H-24 Feu
4%
Zombie Life Hennessy
4%
Santa Sauce 2 Jon Snow
4%
Santa Sauce La nuit Est à Nous
4%
Zombie Life Lever du soleil
4%
140 BPM 2 AMG Technology
3%
H-24 COB
3%
Santa Sauce Confessions, Pt.1
3%
1994 Destiny's Child
3%
Santa Sauce 2 Embourgeoisé
3%
140 BPM 2 Gang Activity
3%
Zombie Life Pardonne-moi
3%
H-24 Riche
3%
140 BPM 2 Spider
3%
140 BPM 2 Torino
3%
Paradise Yin Yang
3%
Santa Sauce 2 Belek
2%
140 BPM 2 Don't Tell
2%
H-24 Ennemis
2%
140 BPM 2 Fake Friends
2%
Santa Sauce 2 Go Back
2%
Zombie Life House
2%
Zombie Life Marley
2%
Zombie Life Mes entrailles
2%
H-24 Molly Molly
2%
Santa Sauce Ouais C'est Ban
2%
H-24 Police Ass Nigga
2%
Zombie Life Rolling Stone
2%
Santa Sauce Vraiment
2%
H-24 Yeah Shit
2%
Santa Sauce Ahh Yeah
1%
Zombie Life Au top
1%
H-24 By The Way
1%
H-24 Cette maille
1%
140 BPM 2 Cheikh
1%
Zombie Life Jamais trop jeune
1%
H-24 Non Stop
1%
Zombie Life Rendez-vous
1%
Santa Sauce Sans Fin
1%
Santa Sauce 2 Sans signes
1%
Santa Sauce Wow
1%
Zombie Life Zeus
1%
H-24 C'est pas cher
0%
Zombie Life Solwdown
0%
Aucun quiz correspondant
Distribution des résultats
% des personnes avec chaque résultat
Percentile par nombre de réponses
Votre historique - résultats
Vous n’avez pas pris ce quiz